Paroles : La Tristitude Oldelaf - Statistiques

Statistiques générales
  • Ce quiz a été pris 88 fois
    86 depuis la dernière actualisation
  • Le résultat moyen est 328 sur 410
Statistiques - réponses
Réponse % Correct
C'est
100%
c'est
100%
La
100%
la
100%
tristitititititi
100%
tristitude
100%
tude
100%
Quand
98%
quand
98%
de
95%
Tu
95%
tu
95%
à
94%
a
94%
le
94%
-le
94%
pas
94%
qui
94%
te
94%
Te
94%
un
94%
tout
92%
ça
91%
moi,
91%
toi
91%
du
89%
nus
89%
peu
89%
que
89%
va
89%
vie
89%
Et
88%
nous,
88%
ta
88%
dit
84%
fait
83%
mal
83%
mal,
83%
ton
83%
ne
81%
pour
81%
dans
78%
eux,
78%
Lego
78%
petit
78%
sur
78%
t'apprend
78%
au
77%
dis
77%
vous
77%
creux
75%
en
75%
femme
75%
nos
75%
sida
75%
qu'il
73%
t'es
73%
des
72%
frère
72%
marches
72%
sans
72%
siamois
72%
est
70%
l'échangisme
70%
pieds
70%
père
69%
quoi
67%
son
67%
l'eau
66%
samedi
66%
se
66%
t'appelle
66%
Canal
64%
chier
64%
fille
64%
mais
64%
soir
64%
bois
63%
déménagement
63%
Inde
63%
joue
63%
-Allemand
61%
Détresse
61%
détresse
61%
Princesse
61%
Suisse
61%
t'as
61%
voyage
61%
copain
59%
Galles
59%
coiffeur
58%
être
58%
reflets
58%
rends
58%
roux
58%
compte
56%
d'un
56%
lors
56%
triste
56%
tristide
56%
voisin
56%
les
55%
gardien
53%
hand-ball
53%
Mercos
53%
met
53%
saxo
53%
Eddy
52%
fois
52%
première
52%
t'annonce
52%
Mitchell
50%
styliste
50%
choisis
48%
15
47%
août
47%
aller
45%
attitude
45%
bras
45%
cure
45%
-dent
45%
donne
45%
Monsieur
45%
tunnel
45%
d'avaler
44%
faire
44%
pluriel
44%
subjonctif
44%
vivre
44%
bouillir
42%
conjuguer
42%
d'avant
42%
Noël
42%
Viens
42%
courses
41%
Fourvière
41%
juste
41%
t'appellent
41%
dois
39%
devenir
36%
ouh
34%
-Rotrou
34%
jeunes
33%
Nogent
33%
Non,
31%
non,
31%
non
31%
franchir
30%
hum,
25%
donnes
23%
tude
20%
tristide
11%
Aucun quiz correspondant
Distribution des résultats
% des personnes avec chaque résultat
Percentile par nombre de réponses
Votre historique - résultats
Vous n’avez pas pris ce quiz depuis la dernière actualisation